00721nam a2200229 i 4500001001300000003000400013005001700017008004100034010002200075020001100097050002200108100004200130245007700172250005400249260004200303300003400345500001600379504004000395650001400435650002500449999001700474sa 68006602 DLC20260227112517.0840921s1966 bg b 00010 beno  asa 68006602 //r84 cRs6.500 aLB1025b.K85 196610aKuddus, Mohāmmada Ābadula,d1908-10aŚikshānītira kaẏekaṭi kathā /cMohāmmada Ābadula Kuddus. a[Paribardhita o parimārjita 4. saṃskaraṇa].0 aKumillā :bGolāma Kuddus,c[1966] a5, 4, 318, 12, 4 p. ;c23 cm. aIn Bengali. aBibliography: p. [1]-4 (last group) 0aTeaching. 0aEducationzPakistan. c81379d81379